[Event "Junior Online 4NCL Division 5"]
[Site "online"]
[Date "2020.04.16"]
[Round "1.38"]
[White "Coppell, Gracie"]
[Black "Horwood, Alexander"]
[Result "1-0"]
[WhiteElo "1000"]
[BlackElo "1000"]
[PlyCount "79"]
[EventDate "2020.04.16"]
[WhiteTeam "Brentwood 2"]
[BlackTeam "Harrow Juniors F"]

1. e4 e5 2. Nc3 Nc6 3. Nf3 Nf6 4. Bc4 g5 5. O-O Bh6 6. g3 O-O 7. b3 Re8 8. d3
a6 9. Bxg5 Bg7 10. Bxf6 Bxf6 11. Nd2 h6 12. Qh5 Bg7 13. Bxf7+ Kh7 14. Bxe8 b5
15. Nd5 d6 16. Nf3 Bf5 17. exf5 b4 18. f6 e4 19. dxe4 a5 20. fxg7 a4 21. bxa4
Qxe8 22. Qxe8 Rxe8 23. Nf6+ Kg6 24. Nxe8 d5 25. exd5 h5 26. Nd2 Ne7 27. Rae1
Nxd5 28. g8=Q+ Kf5 29. Qf8+ Kg5 30. Qg8+ Kf5 31. Qxd5+ Kg6 32. Qg8+ Kf5 33.
Qf8+ Kg5 34. Qc5+ Kh6 35. Qc6+ Kg5 36. Re5+ Kg4 37. Re4+ Kg5 38. Re5+ Kg4 39.
f3+ Kh3 40. Qe6# 1-0

[Event "Junior Online 4NCL Division 5"]
[Site "online"]
[Date "2020.04.16"]
[Round "1.41"]
[White "Kulkarni, Arnav"]
[Black "Hurst, Kate"]
[Result "1-0"]
[WhiteElo "1070"]
[BlackElo "1427"]
[PlyCount "57"]
[EventDate "2020.04.16"]
[WhiteTeam "St John's College C"]
[BlackTeam "Maid Marians 2"]

1. e4 d5 2. exd5 Qxd5 3. Nc3 Qd6 4. Nf3 Nf6 5. d4 a6 6. Be3 Nc6 7. Bd3 Bg4 8.
Be2 O-O-O 9. O-O e6 10. Re1 h5 11. Ng5 Bxe2 12. Qxe2 Rd7 13. Qf3 Qe7 14. Rad1
Ng4 15. h3 Nxe3 16. Qxe3 g6 17. Nf3 Bh6 18. Qe4 Nb4 19. Re2 Nxa2 20. Nxa2 Rhd8
21. c3 Qf6 22. Nb4 Kb8 23. Ra1 g5 24. Nxa6+ bxa6 25. Rxa6 c6 26. Qxc6 Rd6 27.
Qa8+ Kc7 28. Ra7+ Kb6 29. Qb7# 1-0

[Event "Junior Online 4NCL Division 5"]
[Site "online"]
[Date "2020.04.16"]
[Round "1.43"]
[White "Omidvar, Dominic"]
[Black "Pannu, Mya"]
[Result "0-1"]
[WhiteElo "974"]
[BlackElo "1232"]
[PlyCount "162"]
[EventDate "2020.04.16"]
[WhiteTeam "St John's College C"]
[BlackTeam "Maid Marians 2"]

1. e4 e5 2. Nf3 Nc6 3. Nc3 Bc5 4. d4 Nxd4 5. Nxe5 Qe7 6. Bf4 d6 7. Nd5 Qd8 8.
Be3 dxe5 9. Bxd4 Bxd4 10. Bc4 c6 11. Nc3 Qf6 12. Qe2 h5 13. h3 b5 14. Bd3 Ba6
15. O-O b4 16. Bxa6 bxc3 17. bxc3 Bxc3 18. Bb7 Rb8 19. Rab1 Qe7 20. Bxc6+ Kd8
21. Rxb8+ Kc7 22. Qb5 Qb4 23. Qxe5+ Bxe5 24. Rxb4 Kxc6 25. Rd1 Nf6 26. g3 Rb8
27. Rxb8 Bxb8 28. f4 Nxe4 29. Kg2 a5 30. Kf3 Nc3 31. Ra1 a4 32. g4 hxg4+ 33.
hxg4 Nd5 34. f5 Be5 35. Re1 Bc3 36. Rd1 Nb4 37. g5 Nxa2 38. g6 fxg6 39. fxg6
Nb4 40. Rh1 a3 41. Ke2 a2 42. Ke3 a1=Q 43. Rxa1 Bxa1 44. Kd2 Nd5 45. Kd3 Nf4+
46. Kd2 Nxg6 47. c3 Nf4 48. Kc2 g6 49. Kd2 g5 50. Ke3 Nh3 51. Kf3 Bxc3 52. Kg3
Ng1 53. Kg2 Ne2 54. Kf2 Nf4 55. Kf3 Be5 56. Kg4 Bf6 57. Kg3 Ne2+ 58. Kf2 Bd4+
59. Kxe2 g4 60. Kf1 g3 61. Kg2 Be5 62. Kf3 Kd5 63. Kg2 Ke4 64. Kg1 Kf3 65. Kf1
Bd4 66. Ke1 g2 67. Kd2 g1=Q 68. Kd3 Qe3+ 69. Kc4 Qc3+ 70. Kd5 Ke3 71. Ke6 Qc4+
72. Kf5 Qd5+ 73. Kg4 Qe4+ 74. Kg5 Kf3 75. Kh5 Qg4+ 76. Kh6 Be3+ 77. Kh7 Kf4 78.
Kh6 Qg5+ 79. Kh7 Kf5 80. Kh8 Bd4+ 81. Kh7 Qg7# 0-1

[Event "Junior Online 4NCL Division 5"]
[Site "online"]
[Date "2020.04.16"]
[Round "1.44"]
[White "Hariharan, Shambavi"]
[Black "Singh, Ayush"]
[Result "0-1"]
[WhiteElo "1060"]
[BlackElo "901"]
[PlyCount "166"]
[EventDate "2020.04.16"]
[WhiteTeam "Maid Marians 2"]
[BlackTeam "St John's College C"]

1. d4 d5 2. Bf4 Nc6 3. Nf3 Nf6 4. e3 Bg4 5. h3 Bxf3 6. Qxf3 e6 7. Nd2 Bb4 8. c3
Bd6 9. Bg5 O-O 10. Bxf6 Qxf6 11. Qd1 e5 12. Bd3 exd4 13. cxd4 Rfe8 14. Nf3 Nxd4
15. Nxd4 Qxd4 16. O-O Qxb2 17. Qh5 g6 18. Qxd5 Qe5 19. Qxe5 Bxe5 20. Rab1 Rad8
21. Bc4 b6 22. Bb5 Re6 23. f4 c6 24. Bc4 Rf6 25. fxe5 Rxf1+ 26. Kxf1 Re8 27.
Rc1 Rxe5 28. Ke2 Rc5 29. Kd3 b5 30. g4 bxc4+ 31. Rxc4 Rxc4 32. Kxc4 Kg7 33. Kc5
Kf6 34. Kxc6 Ke5 35. a4 f5 36. gxf5 gxf5 37. a5 Ke4 38. Kb7 Kxe3 39. Kxa7 f4
40. Kb7 f3 41. a6 f2 42. a7 f1=Q 43. a8=Q Qg2+ 44. Kb8 Qxa8+ 45. Kxa8 h5 46.
Kb7 Kf4 47. Kc6 Kg3 48. Kd5 Kxh3 49. Ke4 Kg3 50. Ke3 h4 51. Ke2 Kg2 52. Ke3 h3
53. Kf4 h2 54. Kf5 h1=R 55. Ke5 Rh6 56. Kf5 Kg3 57. Kg5 Ra6 58. Kf5 Kh4 59. Ke5
Kg5 60. Kd4 Ra5 61. Kc4 Kf6 62. Kb4 Rh5 63. Kc4 Ke6 64. Kd4 Rg5 65. Kc4 Kd6 66.
Kb4 Kc6 67. Kc3 Rg4 68. Kd3 Kd5 69. Ke3 Ra4 70. Kf3 Ke5 71. Kg3 Kf5 72. Kf2 Ra3
73. Ke2 Ke4 74. Kd2 Rh3 75. Kc2 Kd4 76. Kb2 Kc4 77. Kc2 Rh2+ 78. Kd1 Kd3 79.
Ke1 Ra2 80. Kf1 Ke3 81. Kg1 Kf3 82. Kh1 Kg3 83. Kg1 Ra1# 0-1

[Event "Junior Online 4NCL Division 5"]
[Site "online"]
[Date "2020.04.16"]
[Round "1.45"]
[White "Hurst, Kate"]
[Black "Kulkarni, Arnav"]
[Result "1-0"]
[WhiteElo "1427"]
[BlackElo "1070"]
[PlyCount "47"]
[EventDate "2020.04.16"]
[WhiteTeam "Maid Marians 2"]
[BlackTeam "St John's College C"]

1. e4 e5 2. Nf3 Nc6 3. Nc3 Nf6 4. Bc4 Bc5 5. O-O d6 6. h3 O-O 7. d3 Bd7 8. Bg5
h6 9. Bh4 Re8 10. Re1 Be6 11. Bb5 Qd7 12. Bxf6 gxf6 13. a3 a6 14. Bxc6 Qxc6 15.
Qd2 Qd7 16. Qxh6 f5 17. Ng5 fxe4 18. Rxe4 Bf5 19. Rh4 Bh7 20. Qxh7+ Kf8 21. Nd5
Bxf2+ 22. Kxf2 Qf5+ 23. Qxf5 Re6 24. Qxf7# 1-0

[Event "Junior Online 4NCL Division 5"]
[Site "online"]
[Date "2020.04.16"]
[Round "1.47"]
[White "Pannu, Mya"]
[Black "Omidvar, Dominic"]
[Result "1-0"]
[WhiteElo "1232"]
[BlackElo "974"]
[PlyCount "89"]
[EventDate "2020.04.16"]
[WhiteTeam "Maid Marians 2"]
[BlackTeam "St John's College C"]

1. d4 d5 2. Nf3 Nf6 3. e3 Nc6 4. Bd3 Bg4 5. b3 e5 6. dxe5 Nxe5 7. Bb2 Nxd3+ 8.
Qxd3 Bxf3 9. gxf3 Bc5 10. Qb5+ Nd7 11. Qxb7 Qb8 12. Qxd5 Bb4+ 13. Nd2 O-O 14.
Qd4 Nf6 15. O-O-O c5 16. Qc4 Bxd2+ 17. Rxd2 Qc7 18. Qc3 Rad8 19. Rxd8 Rxd8 20.
Rg1 Qc6 21. b4 Kf8 22. bxc5 Rc8 23. Qd4 Qxc5 24. Qxc5+ Rxc5 25. Ba3 Nd7 26. Rg5
f6 27. Rd5 Ke8 28. Bxc5 Nxc5 29. Rxc5 Kf7 30. Rc7+ Kg6 31. Rxa7 Kh6 32. c4 g5
33. c5 f5 34. c6 g4 35. fxg4 fxg4 36. c7 Kg5 37. c8=Q h5 38. Qg8+ Kh4 39. Qd8+
Kh3 40. Qd6 h4 41. Qe6 Kxh2 42. Qxg4 h3 43. Qg3+ Kh1 44. Rh7 h2 45. Qxh2# 1-0

[Event "Junior Online 4NCL Division 5"]
[Site "online"]
[Date "2020.04.16"]
[Round "1.48"]
[White "Singh, Ayush"]
[Black "Hariharan, Shambavi"]
[Result "0-1"]
[WhiteElo "901"]
[BlackElo "1060"]
[PlyCount "58"]
[EventDate "2020.04.16"]
[WhiteTeam "St John's College C"]
[BlackTeam "Maid Marians 2"]

1. e4 c6 2. Nf3 d5 3. exd5 cxd5 4. Nc3 Nf6 5. d4 Nc6 6. Bg5 h6 7. Bxf6 gxf6 8.
Bb5 Bg4 9. Bxc6+ bxc6 10. O-O Bxf3 11. Qxf3 e6 12. Rad1 Bd6 13. Qg4 Bc7 14. Qg7
Rf8 15. Qxh6 Qd6 16. g3 Rb8 17. b3 f5 18. f4 Ba5 19. Rd3 Kd7 20. Re1 a6 21. a4
c5 22. Ree3 Rh8 23. Qg7 Qe7 24. dxc5 Rbg8 25. Qd4 f6 26. b4 Qh7 27. bxa5 Qxh2+
28. Kf1 Qh1+ 29. Kf2 Rh2# 0-1

[Event "Junior Online 4NCL Division 5"]
[Site "online"]
[Date "2020.04.16"]
[Round "1.51"]
[White "Pitts, Daniel"]
[Black "Hand, Joseph"]
[Result "0-1"]
[WhiteElo "1240"]
[BlackElo "1092"]
[PlyCount "118"]
[EventDate "2020.04.16"]
[WhiteTeam "Robin Hoods 4"]
[BlackTeam "St Benildus 1"]

1. e4 e5 2. Nf3 Nc6 3. Nc3 Bc5 4. Bc4 Nf6 5. Ng5 O-O 6. d3 d6 7. Qe2 Nd4 8. Qd2
h6 9. h4 Nh7 10. Bb3 hxg5 11. hxg5 Be6 12. g6 fxg6 13. Bxe6+ Nxe6 14. Qe2 Rxf2
15. Qg4 Neg5 16. Bxg5 Qxg5 17. Qxg5 Nxg5 18. O-O-O Rxg2 19. Nd5 Ne6 20. Ne7+
Kf7 21. Nd5 c6 22. Nc3 g5 23. Rdf1+ Rf2 24. Rxf2+ Bxf2 25. Rf1 Kg6 26. Rxf2 Rf8
27. Rxf8 Nxf8 28. Kd2 g4 29. Ke2 Kh5 30. Kf2 Ng6 31. Kg3 Nf4 32. Nd1 Ne2+ 33.
Kf2 Nd4 34. Ne3 Kh4 35. c3 Nf3 36. Kg2 Ne1+ 37. Kg1 Nxd3 38. Nf5+ Kh3 39. Nxg7
g3 40. Nf5 g2 41. Ne3 Nf4 42. b3 Ne2+ 43. Kf2 g1=Q+ 44. Kxe2 Qh2+ 45. Kd3 Qxa2
46. b4 b6 47. Nc4 Qb1+ 48. Kd2 Qxe4 49. Nxd6 Qd5+ 50. Ke3 Qxd6 51. Kf2 Qd3 52.
c4 Kg4 53. b5 Kf4 54. bxc6 Qd6 55. c7 Qxc7 56. c5 Qxc5+ 57. Kf1 Qc2 58. Kg1 Kg3
59. Kf1 Qf2# 0-1

[Event "Junior Online 4NCL Division 5"]
[Site "online"]
[Date "2020.04.16"]
[Round "1.52"]
[White "Liu, Wenle"]
[Black "Asensio, Tomas"]
[Result "1-0"]
[WhiteElo "1069"]
[BlackElo "1232"]
[PlyCount "83"]
[EventDate "2020.04.16"]
[WhiteTeam "St Benildus 1"]
[BlackTeam "Robin Hoods 4"]

1. e4 d6 2. d4 Nf6 3. Nc3 Nbd7 4. Bc4 e5 5. dxe5 dxe5 6. Nf3 Be7 7. Be3 c6 8.
O-O Qc7 9. Re1 h6 10. Qd2 b6 11. Rad1 Bb7 12. a3 a6 13. b4 O-O 14. Bxh6 Nh7 15.
Be3 b5 16. Bb3 Ndf6 17. Ng5 Ng4 18. Nxh7 Kxh7 19. Bg5 Kg8 20. Bxe7 Qxe7 21. Qe2
Bc8 22. h3 Nh6 23. Qf3 Bg4 24. hxg4 Qh4 25. Qh3 Qf6 26. Re3 Qg5 27. Ree1 Nxg4
28. Qg3 g6 29. f3 Qf4 30. Qxf4 exf4 31. fxg4 Kg7 32. Rf1 Rh8 33. Rxf4 Rh7 34.
Rxf7+ Kh6 35. Rxh7+ Kxh7 36. Rd7+ Kh6 37. Kf2 Rf8+ 38. Kg3 Kg5 39. e5 Re8 40.
Ne4+ Kh6 41. g5+ Kh5 42. Rh7# 1-0

[Event "Junior Online 4NCL Division 5"]
[Site "online"]
[Date "2020.04.16"]
[Round "1.53"]
[White "Javed, Zain"]
[Black "Bueckert, Diana"]
[Result "0-1"]
[WhiteElo "1232"]
[BlackElo "965"]
[PlyCount "56"]
[EventDate "2020.04.16"]
[WhiteTeam "Robin Hoods 4"]
[BlackTeam "St Benildus 1"]

1. e4 d5 2. exd5 Nf6 3. Nc3 Nxd5 4. Nxd5 Qxd5 5. c4 Qd6 6. Nf3 Nc6 7. d3 Bf5 8.
g3 Nb4 9. Bf4 Qd7 10. Ne5 Qd4 11. Be3 Qxe5 12. Qa4+ Nc6 13. Bg2 Bd7 14. O-O e6
15. Rae1 Be7 16. Bf4 Qxb2 17. Rb1 Qd4 18. Rbd1 O-O 19. Be3 Qf6 20. d4 Rfd8 21.
d5 exd5 22. cxd5 Nb4 23. Qa3 Nxd5 24. Qd3 Nxe3 25. fxe3 Bg4 26. Qe4 Bxd1 27.
Rxd1 Rxd1+ 28. Bf1 Qxf1# 0-1

[Event "Junior Online 4NCL Division 5"]
[Site "online"]
[Date "2020.04.16"]
[Round "1.54"]
[White "Bueckert, Lucy"]
[Black "Griffiths, Dylan"]
[Result "0-1"]
[WhiteElo "819"]
[BlackElo "1195"]
[PlyCount "74"]
[EventDate "2020.04.16"]
[WhiteTeam "St Benildus 1"]
[BlackTeam "Robin Hoods 4"]

1. f4 d5 2. Nf3 Nc6 3. b3 Nf6 4. Bb2 Bf5 5. e3 e6 6. Bb5 a6 7. Bxc6+ bxc6 8.
Ne5 Bd6 9. Nxc6 Qd7 10. Nd4 O-O 11. Nxf5 exf5 12. O-O Rfe8 13. Bxf6 gxf6 14.
Qf3 Bc5 15. Qg3+ Kh8 16. d4 Bb6 17. Rf3 Qb5 18. Qh4 Rg8 19. Qxf6+ Rg7 20. Rg3
Rag8 21. h4 c6 22. h5 Bd8 23. Qe5 h6 24. Rxg7 Rxg7 25. Qe8+ Rg8 26. Qxf7 Qe2
27. Qxg8+ Kxg8 28. Nc3 Qxe3+ 29. Kh1 Qxc3 30. Rf1 Qxc2 31. Rf3 Bh4 32. Re3 Qc1+
33. Re1 Qxe1+ 34. Kh2 Qg3+ 35. Kh1 Qf2 36. Kh2 Bg3+ 37. Kh1 Qf1# 0-1

[Event "Junior Online 4NCL Division 5"]
[Site "online"]
[Date "2020.04.16"]
[Round "1.55"]
[White "Hand, Joseph"]
[Black "Pitts, Daniel"]
[Result "1-0"]
[WhiteElo "1092"]
[BlackElo "1240"]
[PlyCount "99"]
[EventDate "2020.04.16"]
[WhiteTeam "St Benildus 1"]
[BlackTeam "Robin Hoods 4"]

1. b4 e5 2. Bb2 Bxb4 3. Bxe5 Nf6 4. Bb2 Nc6 5. e3 d6 6. Nf3 Bg4 7. Be2 Ne5 8.
Nxe5 Bxe2 9. Qxe2 dxe5 10. Bxe5 Qd7 11. Bxf6 gxf6 12. a3 Ba5 13. O-O O-O-O 14.
d4 Rhg8 15. Qf3 Qc6 16. Qxc6 bxc6 17. a4 Rg7 18. Na3 Bc3 19. Rab1 Rdg8 20. g3
h5 21. h4 Rg4 22. Rb3 Ba5 23. Rfb1 Bb6 24. Nc4 Rxh4 25. Nxb6+ cxb6 26. Kg2 Rhg4
27. a5 h4 28. e4 Rxe4 29. axb6 Kb7 30. bxa7+ Kc7 31. Rb7+ Kd6 32. Rb8 Ree8 33.
a8=Q Rxb8 34. Rxb8 Rxb8 35. Qxb8+ Kd5 36. gxh4 Kxd4 37. Qd6+ Kc4 38. Qxc6+ Kb4
39. c4 Kc3 40. Qxf6+ Kxc4 41. Qd6 Kc3 42. Kf3 f5 43. Ke3 f4+ 44. Kxf4 Kb2 45.
Qc5 Ka1 46. Qb6 Ka2 47. Ke3 Ka3 48. Kd4 Ka4 49. Kc4 Ka3 50. Qb3# 1-0

[Event "Junior Online 4NCL Division 5"]
[Site "online"]
[Date "2020.04.16"]
[Round "1.56"]
[White "Asensio, Tomas"]
[Black "Liu, Wenle"]
[Result "0-1"]
[WhiteElo "1232"]
[BlackElo "1069"]
[PlyCount "70"]
[EventDate "2020.04.16"]
[WhiteTeam "Robin Hoods 4"]
[BlackTeam "St Benildus 1"]

1. d4 d5 2. Nc3 Nf6 3. Bf4 Bf5 4. Nb5 Na6 5. e3 c6 6. Nc3 Nb4 7. Bd3 Nxd3+ 8.
cxd3 e6 9. Nf3 Be7 10. e4 dxe4 11. dxe4 Nxe4 12. Nxe4 Bxe4 13. Nd2 Qxd4 14. Be3
Qe5 15. Nc4 Qd5 16. Qb3 O-O 17. O-O Bxg2 18. Rad1 Qf3 19. Ne5 Qe4 20. Nd7 Bxf1
21. Rxf1 Rfd8 22. Rd1 b6 23. Bc1 e5 24. f3 Qg6+ 25. Kf1 Qh5 26. Rd2 Rxd7 27.
Rxd7 Qh3+ 28. Ke1 Bh4+ 29. Kd1 Qxd7+ 30. Bd2 Bg5 31. Qc2 Rd8 32. Ke1 Bxd2+ 33.
Kf2 Qd4+ 34. Ke2 Qe3+ 35. Kd1 Qe1# 0-1

[Event "Junior Online 4NCL Division 5"]
[Site "online"]
[Date "2020.04.16"]
[Round "1.57"]
[White "Bueckert, Diana"]
[Black "Javed, Zain"]
[Result "1-0"]
[WhiteElo "965"]
[BlackElo "1232"]
[PlyCount "59"]
[EventDate "2020.04.16"]
[WhiteTeam "St Benildus 1"]
[BlackTeam "Robin Hoods 4"]

1. f4 d5 2. Nf3 Nc6 3. b3 Bf5 4. e3 g6 5. Bb2 Nf6 6. Bb5 a6 7. Bxc6+ bxc6 8.
O-O Bg7 9. Ne5 O-O 10. Nxc6 Qd6 11. Ne5 Rab8 12. d3 Rb4 13. Ba3 Rb7 14. Bxd6
cxd6 15. Nf3 Bg4 16. Nbd2 Rc8 17. Rc1 Rc3 18. Nb1 Rc5 19. Qd2 d4 20. Nxd4 Rg5
21. fxg5 Nh5 22. Qf2 f6 23. gxf6 exf6 24. Qh4 g5 25. Qxg4 Rb5 26. Nxb5 axb5 27.
Qxh5 f5 28. Rxf5 d5 29. Qe8+ Bf8 30. Qxf8# 1-0

[Event "Junior Online 4NCL Division 5"]
[Site "online"]
[Date "2020.04.16"]
[Round "1.58"]
[White "Griffiths, Dylan"]
[Black "Bueckert, Lucy"]
[Result "1-0"]
[WhiteElo "1195"]
[BlackElo "819"]
[PlyCount "71"]
[EventDate "2020.04.16"]
[WhiteTeam "Robin Hoods 4"]
[BlackTeam "St Benildus 1"]

1. e4 d5 2. exd5 Nf6 3. Nf3 Bg4 4. Nc3 Nxd5 5. Bc4 Nxc3 6. bxc3 Nc6 7. h3 Bxf3
8. Qxf3 Ne5 9. Qf4 Nxc4 10. Qxc4 e5 11. d4 exd4 12. cxd4 Qe7+ 13. Be3 f5 14.
O-O g6 15. Rfe1 Qf6 16. Bg5+ Qe7 17. Bxe7 Bxe7 18. Qxc7 O-O 19. Rad1 Bb4 20. c3
Ba3 21. Qa5 Bd6 22. Qd5+ Kh8 23. Qxd6 Rad8 24. Qe5+ Kg8 25. Rb1 Rfe8 26. Qb5
Rxe1+ 27. Rxe1 a6 28. Qxb7 f4 29. Re7 Rf8 30. d5 f3 31. gxf3 a5 32. d6 a4 33.
d7 a3 34. d8=Q Rxd8 35. Rg7+ Kf8 36. Qf7# 1-0

[Event "Junior Online 4NCL Division 5"]
[Site "online"]
[Date "2020.04.16"]
[Round "1.61"]
[White "Hoccom, Sebastian"]
[Black "Weedon, Arlo"]
[Result "1-0"]
[WhiteElo "900"]
[BlackElo "1330"]
[PlyCount "109"]
[EventDate "2020.04.16"]
[WhiteTeam "TSK Tigers B"]
[BlackTeam "Wey 2"]

1. e4 e5 2. Nf3 Nc6 3. Nc3 Nf6 4. d4 exd4 5. Nxd4 Nxd4 6. Qxd4 Be7 7. Bd3 c5 8.
Qe5 d6 9. Qf4 d5 10. exd5 Qd6 11. Qxd6 Bxd6 12. O-O O-O 13. Bg5 Be7 14. Bxf6
Bxf6 15. Rab1 Bg4 16. Be2 Bxc3 17. Bxg4 Bf6 18. b4 cxb4 19. Rxb4 Rad8 20. Rxb7
Rxd5 21. Rxa7 Rd2 22. c4 Rc8 23. Bxc8 h6 24. Re1 Kh7 25. Bf5+ g6 26. Rxf7+ Kg8
27. Rxf6 gxf5 28. Rxf5 Rxa2 29. g3 Ra8 30. Rh5 Kg7 31. Ree5 Rc8 32. c5 Rc6 33.
f4 Kg6 34. g4 Rf6 35. f5+ Kh7 36. Re7+ Kg8 37. Rc7 Kf8 38. c6 Ke8 39. Rh7 Rxc6
40. R7xh6 Rc1+ 41. Kf2 Rc2+ 42. Kg3 Rc3+ 43. Kh4 Kf7 44. Rg5 Rc2 45. h3 Rc3 46.
Rh7+ Kf6 47. Rg6+ Ke5 48. Re7+ Kf4 49. f6 Rg3 50. f7 Kf3 51. f8=Q+ Kg2 52. Re2+
Kh1 53. Qf1+ Rg1 54. Qf3+ Rg2 55. Qxg2# 1-0

[Event "Junior Online 4NCL Division 5"]
[Site "online"]
[Date "2020.04.16"]
[Round "1.62"]
[White "Weedon, Oscar"]
[Black "Lewis, Evan"]
[Result "1-0"]
[WhiteElo "1352"]
[BlackElo "916"]
[PlyCount "137"]
[EventDate "2020.04.16"]
[WhiteTeam "Wey 2"]
[BlackTeam "TSK Tigers B"]

1. d4 d5 2. Nc3 Nf6 3. e3 Nc6 4. Bd3 Bg4 5. f3 Bh5 6. g4 Bg6 7. Nge2 Bxd3 8.
Qxd3 Nb4 9. Qb5+ Nc6 10. b3 a6 11. Qd3 Nb4 12. Qd2 Qd6 13. Ba3 Nxc2+ 14. Qxc2
Qxa3 15. Ng3 O-O-O 16. O-O e6 17. Nb1 Qd6 18. Nd2 e5 19. dxe5 Qxe5 20. Rac1 Bd6
21. f4 Qxe3+ 22. Rf2 Bxf4 23. Rcf1 Bxg3 24. hxg3 Qxg3+ 25. Rg2 Qe3+ 26. Kh1 h5
27. Rc1 hxg4+ 28. Rh2 Rxh2+ 29. Kxh2 Qf4+ 30. Kg1 g3 31. Nf1 c6 32. Re1 Rh8 33.
Re2 Qf3 34. Rg2 Ng4 35. Nxg3 Ne3 36. Qf2 Qd1+ 37. Nf1 Qb1 38. Qxe3 Qh7 39. Rh2
Qg6+ 40. Rg2 Qh5 41. Ng3 Qh4 42. Qe2 Qd4+ 43. Kf1 Rh6 44. Nf5 Rf6 45. Qe8+ Kc7
46. Qe7+ Kb6 47. Rf2 Qa1+ 48. Qe1 Qd4 49. Nxd4 Rxf2+ 50. Qxf2 f6 51. Qg3 g5 52.
Qe3 Kc7 53. Ne6+ Kd6 54. Nxg5 fxg5 55. Qxg5 Kc5 56. Ke2 b5 57. Qe3+ Kb4 58. Kd2
Ka3 59. Qc5+ b4 60. Qxc6 Kb2 61. Qxa6 d4 62. Qc4 Kxa2 63. Qxb4 Kb2 64. Qxd4+
Kxb3 65. Qc5 Kb2 66. Qc4 Ka1 67. Qb4 Ka2 68. Kc3 Ka1 69. Qb2# 1-0

[Event "Junior Online 4NCL Division 5"]
[Site "online"]
[Date "2020.04.16"]
[Round "1.63"]
[White "Elliott, Joseph"]
[Black "Naef Schmid, Ianto"]
[Result "0-1"]
[WhiteElo "970"]
[BlackElo "1307"]
[PlyCount "56"]
[EventDate "2020.04.16"]
[WhiteTeam "TSK Tigers B"]
[BlackTeam "Wey 2"]

1. e4 c5 2. Nf3 Nc6 3. Bc4 e6 4. Nc3 d6 5. O-O Nf6 6. d3 e5 7. Bb5 Bd7 8. Nd5
Nxd5 9. exd5 Nd4 10. Bxd7+ Qxd7 11. Nxd4 cxd4 12. c4 Be7 13. h3 O-O 14. Qf3
Rfe8 15. Qg3 Bf6 16. Bg5 Qd8 17. Bxf6 Qxf6 18. f4 e4 19. dxe4 Rxe4 20. Qf3 Rae8
21. Qf2 Re2 22. Qf3 R8e3 23. Qg4 Qd8 24. Rf2 Rxf2 25. Kxf2 Qe8 26. b4 d3 27.
Rd1 Re2+ 28. Kf3 Qe3# 0-1

[Event "Junior Online 4NCL Division 5"]
[Site "online"]
[Date "2020.04.16"]
[Round "1.64"]
[White "Mandell, Eli"]
[Black "Choung, Ava Grace"]
[Result "1-0"]
[WhiteElo "1232"]
[BlackElo "921"]
[PlyCount "73"]
[EventDate "2020.04.16"]
[WhiteTeam "Wey 2"]
[BlackTeam "TSK Tigers B"]

1. d4 d5 2. Bf4 Nc6 3. Nf3 Nf6 4. Nc3 Nxd4 5. Nxd4 e5 6. Bxe5 Bc5 7. Ndb5 Bb6
8. Na4 O-O 9. Nxb6 cxb6 10. Nc7 Rb8 11. Nxd5 Ra8 12. Nxf6+ gxf6 13. Qxd8 Rxd8
14. Bxf6 a5 15. Bxd8 Bf5 16. Bxb6 a4 17. O-O-O a3 18. b3 Ra6 19. Bc5 b5 20.
Rd8+ Kg7 21. Bd4+ f6 22. e3 Rc6 23. Bxb5 Rxc2+ 24. Kd1 Rxf2 25. e4 Rxa2 26.
exf5 Ra1+ 27. Bxa1 a2 28. Ra8 h5 29. Rxa2 h4 30. Ra7+ Kh6 31. Bxf6 Kh5 32. Be8+
Kh6 33. Bg7+ Kg5 34. f6 Kf4 35. f7 h3 36. f8=Q+ Ke3 37. Qf3# 1-0

[Event "Junior Online 4NCL Division 5"]
[Site "online"]
[Date "2020.04.16"]
[Round "1.65"]
[White "Weedon, Arlo"]
[Black "Hoccom, Sebastian"]
[Result "1-0"]
[WhiteElo "1330"]
[BlackElo "900"]
[PlyCount "49"]
[EventDate "2020.04.16"]
[WhiteTeam "Wey 2"]
[BlackTeam "TSK Tigers B"]

1. e4 e5 2. Nf3 Nc6 3. Nc3 Nf6 4. Bc4 Bb4 5. a3 Bxc3 6. bxc3 O-O 7. O-O Nxe4 8.
Re1 Nf6 9. Nxe5 Nxe5 10. Rxe5 Re8 11. d4 d6 12. Re1 Rxe1+ 13. Qxe1 d5 14. Bd3
b6 15. Bg5 c5 16. Qe3 cxd4 17. cxd4 Qe8 18. Qg3 Qe6 19. f4 Nh5 20. Qh4 Qe3+ 21.
Kh1 Nf6 22. Re1 Qd2 23. Re8+ Nxe8 24. Qxh7+ Kf8 25. Qh8# 1-0

[Event "Junior Online 4NCL Division 5"]
[Site "online"]
[Date "2020.04.16"]
[Round "1.66"]
[White "Lewis, Evan"]
[Black "Weedon, Oscar"]
[Result "0-1"]
[WhiteElo "916"]
[BlackElo "1352"]
[PlyCount "46"]
[EventDate "2020.04.16"]
[WhiteTeam "TSK Tigers B"]
[BlackTeam "Wey 2"]

1. e4 c5 2. d4 cxd4 3. Qxd4 Nc6 4. Qd1 e5 5. Nf3 Nf6 6. Nc3 Bc5 7. Bd3 d6 8.
O-O O-O 9. Bg5 h6 10. Bh4 g5 11. Bg3 Bg4 12. h3 Bh5 13. Bc4 Nd4 14. Qd3 Nxf3+
15. gxf3 Qd7 16. Kg2 a6 17. Bb3 Kh7 18. Nd5 Qe6 19. Nxf6+ Qxf6 20. Bd5 Rab8 21.
Qd2 Qxf3+ 22. Kg1 Qxg3+ 23. Kh1 Bf3# 0-1

[Event "Junior Online 4NCL Division 5"]
[Site "online"]
[Date "2020.04.16"]
[Round "1.67"]
[White "Naef Schmid, Ianto"]
[Black "Elliott, Joseph"]
[Result "1-0"]
[WhiteElo "1307"]
[BlackElo "970"]
[PlyCount "129"]
[EventDate "2020.04.16"]
[WhiteTeam "Wey 2"]
[BlackTeam "TSK Tigers B"]

1. e4 e5 2. Nf3 Nf6 3. Nxe5 d6 4. Nf3 Nxe4 5. Qe2 d5 6. d3 Qe7 7. dxe4 dxe4 8.
Nfd2 Bf5 9. Nc3 Nc6 10. Ncxe4 Nd4 11. Qd3 Bxe4 12. Nxe4 Nf5 13. Be2 Nd6 14.
Nxd6+ Qxd6 15. Qxd6 Bxd6 16. O-O O-O 17. Re1 Bb4 18. c3 Bd6 19. b3 c6 20. Bb2
b5 21. c4 bxc4 22. bxc4 Rab8 23. Bc3 Bc5 24. Rab1 Rxb1 25. Rxb1 Re8 26. Bf3 Bd6
27. Bxc6 Rc8 28. Bb5 a5 29. Bxa5 Ra8 30. Bc3 Rxa2 31. g3 Rc2 32. Bb4 Bxb4 33.
Rxb4 Rc1+ 34. Kg2 Ra1 35. c5 Ra8 36. c6 Rc8 37. Rc4 Rc7 38. Kf3 f6 39. Ke4 h6
40. f4 g5 41. fxg5 fxg5 42. g4 Kg7 43. Kf5 Kh7 44. Ke6 Kg6 45. Kd6 Rc8 46. c7
h5 47. gxh5+ Kxh5 48. Kd7 Rxc7+ 49. Rxc7 g4 50. Rc5+ Kh4 51. Rc3 g3 52. hxg3+
Kh5 53. g4+ Kh6 54. g5+ Kh7 55. g6+ Kh8 56. g7+ Kg8 57. Rg3 Kf7 58. g8=Q+ Kf6
59. Rf3+ Ke5 60. Qe8+ Kd4 61. Rd3+ Kc5 62. Qc8+ Kxb5 63. Rb3+ Ka4 64. Rb1 Ka3
65. Qa8# 1-0

[Event "Junior Online 4NCL Division 5"]
[Site "online"]
[Date "2020.04.16"]
[Round "1.68"]
[White "Choung, Ava Grace"]
[Black "Mandell, Eli"]
[Result "0-1"]
[WhiteElo "921"]
[BlackElo "1232"]
[PlyCount "134"]
[EventDate "2020.04.16"]
[WhiteTeam "TSK Tigers B"]
[BlackTeam "Wey 2"]

1. e4 e5 2. Nf3 Nc6 3. Nc3 Bc5 4. Nxe5 Nxe5 5. d4 Bxd4 6. Qxd4 d6 7. Bf4 Qf6 8.
Qa4+ Bd7 9. Bb5 Qxf4 10. Bxd7+ Nxd7 11. O-O Ngf6 12. g3 Qe5 13. f4 Qc5+ 14. Kg2
O-O 15. e5 Nb6 16. Qb5 Qxb5 17. Nxb5 Nfd5 18. Rad1 Ne3+ 19. Kf2 Nxd1+ 20. Rxd1
c6 21. Nc7 Rac8 22. exd6 Nc4 23. Rd4 Nxd6 24. Rxd6 Rxc7 25. Rd2 Re8 26. Kf3 h5
27. g4 hxg4+ 28. Kxg4 Kh7 29. h4 Kg6 30. f5+ Kf6 31. Rd6+ Ke5 32. Rd1 g6 33.
Re1+ Kf6 34. Rxe8 gxf5+ 35. Kf4 Rd7 36. Rh8 Rd4+ 37. Kf3 Kg6 38. c3 Rg4 39. h5+
Kg7 40. Ra8 Rh4 41. Rxa7 Rxh5 42. Rxb7 Rh2 43. a4 Kf6 44. b4 Ra2 45. a5 Ra3 46.
Ra7 Rxc3+ 47. Kf4 Rc4+ 48. Ke3 Rxb4 49. a6 Ra4 50. Ra8 c5 51. Kd3 c4+ 52. Kc3
f4 53. Kc2 f3 54. Kd2 c3+ 55. Ke1 c2 56. Kd2 f2 57. Kxc2 f1=Q 58. Kb2 Rxa6 59.
Rxa6+ Qxa6 60. Kc2 Qa3 61. Kb1 Qc3 62. Ka2 Qb4 63. Ka1 Ke5 64. Ka2 Kd4 65. Ka1
Kc3 66. Ka2 Qb3+ 67. Ka1 Qb2# 0-1

[Event "Junior Online 4NCL Division 5"]
[Site "online"]
[Date "2020.04.16"]
[Round "1.72"]
[White "Knight, Zoe B"]
[Black "Ward, Cian"]
[Result "0-1"]
[WhiteElo "1007"]
[BlackElo "1465"]
[PlyCount "88"]
[EventDate "2020.04.16"]
[WhiteTeam "Uxbridge Juniors Girls"]
[BlackTeam "Hammersmith 2"]

1. e4 e5 2. Bc4 Bc5 3. Qf3 Qf6 4. Qxf6 Nxf6 5. Nf3 d6 6. O-O Nxe4 7. d3 Nf6 8.
Bg5 Nbd7 9. Nc3 h6 10. Bxf6 Nxf6 11. Nd5 Nxd5 12. Bxd5 c6 13. Bb3 Bg4 14. Nd2
Bb4 15. Nc4 Be6 16. Nxd6+ Bxd6 17. Bxe6 fxe6 18. d4 exd4 19. Rfe1 O-O-O 20.
Rxe6 Rhe8 21. Rg6 Be5 22. c3 dxc3 23. bxc3 Bxc3 24. Rc1 Kc7 25. h3 Re1+ 26.
Rxe1 Bxe1 27. Rxg7+ Rd7 28. Rh7 Rxh7 29. Kf1 Bb4 30. a3 Bxa3 31. Kg1 c5 32. Kf1
c4 33. Ke1 c3 34. Kd1 Rd7+ 35. Kc2 Bb4 36. Kb3 Rd2 37. Kxb4 c2 38. Kb3 c1=R 39.
Kb4 Rb2+ 40. Ka3 Rxf2 41. Kb3 Rxg2 42. Ka3 Rb1 43. h4 h5 44. Ka4 Ra2# 0-1